Steven Spielberg’s Favourite Actors - Statistics

General Stats
  • This quiz has been taken 22 times
  • The average score is 5 of 16
Answer Stats
Number of Movies Actor Name % Correct
5 Tom Hanks
84%
5 Harrison Ford
68%
2 Jeff Goldblum
68%
3 Richard Dreyfuss
63%
2 Tom Cruise
47%
3 Mark Rylance
37%
2 Karen Allen
26%
2 Morgan Freeman
26%
2 Daniel Craig
21%
2 Richard Attenborough
21%
2 Dan Aykroyd
11%
2 Caroline Goodall
0%
2 Denholm Elliott
0%
2 Lorraine Gary
0%
2 Murray Hamilton
0%
3 Pat Roach
0%
No matching quizzes found
Score Distribution
Percent of People with Each Score
Percentile by Number Answered
Your Score History
You have not taken this quiz